[Event "ISL-chT2 1819"]
[Site "Reykjavik"]
[Date "2019.03.02"]
[Round "6.4"]
[White "Finnsson, Johann Arnar"]
[Black "Ingvarsson, Kjartan"]
[Result "1/2-1/2"]
[WhiteElo "1735"]
[BlackElo "1818"]
[PlyCount "67"]
[EventDate "2018.11.09"]
[EventType "team-tourn"]
[EventRounds "7"]
[EventCountry "ISL"]
[SourceTitle "CBM 189 Extra"]
[Source "ChessBase"]
[SourceDate "2019.06.03"]
[SourceVersion "1"]
[SourceVersionDate "2019.06.03"]
[SourceQuality "1"]
[WhiteTeam "Skakdeild Fjolnis II"]
[BlackTeam "Vinaskakfelagid"]
[WhiteTeamCountry "ISL"]
[BlackTeamCountry "ISL"]

1. c4 e5 2. g3 Nf6 3. Bg2 Bc5 4. e3 Nc6 5. Ne2 d6 6. 0-0 0-0 7. Nbc3 a6 8. a3 Bg4 9. h3 Bh5 10. b4 Ba7 11. Qa4 Qe8 12. g4 Bg6 13. g5 Nh5 14. b5 axb5 15. cxb5 Bc5 16. Qg4 Na5 17. Nd5 Qd8 18. d4 Nb3 19. Ra2 Nxc1 20. Rxc1 Ra4 21. f4 f5 22. gxf6 exd4 23. Ne7+ Kh8 24. f5 Nxf6 25. Nxg6+ hxg6 26. Qh4+ Nh5 27. Qxd8 Rxd8 28. exd4 Bb6 29. fxg6 Re8 30. Rf1 Rxd4 31. Nxd4 Bxd4+ 32. Kh2 Be5+ 33. Kg1 Bd4+ 34. Kh2 1/2-1/2

[Event "ISL-chT2 1819"]
[Site "Reykjavik"]
[Date "2018.11.11"]
[Round "4.4"]
[White "Ingvarsson, Kjartan"]
[Black "Olafsson, Smari"]
[Result "0-1"]
[WhiteElo "1818"]
[BlackElo "1915"]
[PlyCount "50"]
[EventDate "2018.11.09"]
[EventType "team-tourn"]
[EventRounds "7"]
[EventCountry "ISL"]
[SourceTitle "CBM 187 Extra"]
[Source "ChessBase"]
[SourceDate "2018.11.04"]
[SourceVersion "1"]
[SourceVersionDate "2018.11.04"]
[SourceQuality "1"]
[WhiteTeam "Vinaskakfelagid"]
[BlackTeam "Skakfelag Akureyrar II"]
[WhiteTeamCountry "ISL"]
[BlackTeamCountry "ISL"]

1. d4 d5 2. c4 e6 3. Nc3 Nf6 4. Bg5 Be7 5. Nf3 0-0 6. Qc2 Nbd7 7. e3 b6 8. Bd3 Bb7 9. h3 c5 10. 0-0 Rc8 11. Qe2 cxd4 12. Nxd4 dxc4 13. Bxc4 Ne5 14. Bb3 Ne4 15. Bxe7 Qxe7 16. Nxe4 Bxe4 17. Rfd1 Ng6 18. Qg4 Bb7 19. Nf3 Rc5 20. Rd2 Ne5 21. Nxe5 Rxe5 22. Qa4 Rg5 23. f4 Rg3 24. Rd7 Rxg2+ 25. Kf1 Qh4 0-1

[Event "ISL-chT2 1819"]
[Site "Reykjavik"]
[Date "2018.11.10"]
[Round "3.2"]
[White "Ingvarsson, Kjartan"]
[Black "Gunnlaugsson, Gisli"]
[Result "0-1"]
[WhiteElo "1818"]
[BlackElo "1829"]
[PlyCount "135"]
[EventDate "2018.11.09"]
[EventType "team-tourn"]
[EventRounds "7"]
[EventCountry "ISL"]
[SourceTitle "CBM 187 Extra"]
[Source "ChessBase"]
[SourceDate "2018.11.04"]
[SourceVersion "1"]
[SourceVersionDate "2018.11.04"]
[SourceQuality "1"]
[WhiteTeam "Vinaskakfelagid"]
[BlackTeam "Breidjablik Bolungavik II"]
[WhiteTeamCountry "ISL"]
[BlackTeamCountry "ISL"]

1. d4 d6 2. c4 g6 3. Nc3 Bg7 4. e4 Nf6 5. Bg5 h6 6. Be3 0-0 7. Qd2 Kh7 8. h3 Nbd7 9. g4 c5 10. g5 hxg5 11. Bxg5 cxd4 12. Qxd4 Qa5 13. Bd2 Qb6 14. Qxb6 Nxb6 15. 0-0-0 Bd7 16. Kb1 Na4 17. Bd3 Nc5 18. Bc2 Bc6 19. f3 a6 20. Nge2 Ne6 21. Be3 b5 22. cxb5 axb5 23. Ng3 Nc5 24. h4 Nfd7 25. h5 Kg8 26. h6 Bf6 27. h7+ Kh8 28. f4 Nb6 29. e5 Bg7 30. Rh2 Nc4 31. Bf2 Na4 32. Nxa4 bxa4 33. Bd3 Bf3 34. Rc1 Na5 35. exd6 Rab8 36. Bc5 Rfd8 37. Be4 Bxe4+ 38. Nxe4 exd6 39. Nxd6 Rd7 40. Re1 Nb7 41. Ba7 Ra8 42. Nc4 Nd6 43. Nb6 Rdxa7 44. Nxa8 Rxa8 45. Re7 Rb8 46. Ra7 Nc4 47. Rxa4 Nxb2 48. Ra7 Nd3+ 49. Kc2 Rb2+ 50. Kxd3 Rxh2 51. a4 Ra2 52. a5 Ra4 53. a6 Rxf4 54. Rd7 Ra4 55. a7 Kxh7 56. Rxf7 g5 57. Ke3 Kg6 58. Rd7 Be5 59. Kd3 g4 60. Rd5 Kf5 61. Rd7 g3 62. Ke2 Ke4 63. Kf1 Ra2 64. Re7 g2+ 65. Kg1 Kf3 66. Rf7+ Bf4 67. a8Q+ Rxa8 68. Ra7 0-1

[Event "Reykjavik Faxaven op"]
[Site "Reykjavik"]
[Date "2018.04.25"]
[Round "6"]
[White "Viglundsson, Bjorgvin"]
[Black "Ingvarsson, Kjartan"]
[Result "0-1"]
[WhiteElo "2147"]
[BlackElo "1820"]
[PlyCount "64"]
[EventDate "2018.03.21"]
[EventType "swiss"]
[EventRounds "7"]
[EventCountry "ISL"]
[SourceTitle "EXT 2019"]
[Source "ChessBase"]
[SourceDate "2018.10.10"]
[SourceVersion "1"]
[SourceVersionDate "2018.10.10"]
[SourceQuality "1"]

1. d4 Nf6 2. c4 g6 3. Nc3 Bg7 4. e4 d6 5. h3 Nc6 6. Nf3 0-0 7. d5 Ne5 8. Nxe5 dxe5 9. Bg5 b6 10. b4 a5 11. a3 axb4 12. axb4 Ba6 13. Be2 Qd7 14. 0-0 e6 15. c5 Bxe2 16. Qxe2 bxc5 17. bxc5 exd5 18. Bxf6 Bxf6 19. Nxd5 Bg5 20. Qc4 Rfb8 21. c6 Qd6 22. Rfb1 Kg7 23. Kh2 f5 24. Rxa8 Rxb1 25. Rc8 Rc1 26. Nxc7 Bf4+ 27. g3 Qd1 28. Ne6+ Kh6 29. Qxc1 Bxc1 30. c7 Qf1 31. Rd8 Qxf2+ 32. Kh1 Qf1+ 0-1

[Event "ISL-chT2 1718"]
[Site "Reykjavik"]
[Date "2018.03.03"]
[Round "6.3"]
[White "Ingvarsson, Kjartan"]
[Black "Hilmarsson, Andri Steinn"]
[Result "0-1"]
[WhiteElo "1820"]
[BlackElo "1587"]
[PlyCount "70"]
[EventDate "2017.10.20"]
[EventType "team-tourn"]
[EventRounds "7"]
[EventCountry "ISL"]
[SourceTitle "EXT 2019"]
[Source "ChessBase"]
[SourceDate "2018.10.10"]
[SourceVersion "1"]
[SourceVersionDate "2018.10.10"]
[SourceQuality "1"]
[WhiteTeam "Vinaskakfelagid"]
[BlackTeam "Hrokar alls Fagnadar"]
[WhiteTeamCountry "ISL"]
[BlackTeamCountry "ISL"]

1. d4 Nf6 2. c4 c5 3. Nf3 g6 4. Nc3 cxd4 5. Nxd4 Nc6 6. e3 d6 7. Bd3 Bg7 8. 0-0 0-0 9. a3 Qb6 10. Na4 Qc7 11. Qc2 Nd7 12. Nb5 Qd8 13. Rb1 Nde5 14. Be2 Bf5 15. e4 Bd7 16. Rd1 a6 17. Nbc3 Na5 18. b3 Rc8 19. Qa2 Qe8 20. Nb6 Rc6 21. Nxd7 Qxd7 22. Nd5 e6 23. Ne3 Rfc8 24. f4 Nexc4 25. Nxc4 d5 26. Nxa5 Rc2 27. Qxc2 Rxc2 28. Bd3 Ra2 29. b4 dxe4 30. Be2 Qc7 31. Bc4 Qb6+ 32. Kh1 Rf2 33. Nb3 e3 34. Nc5 e2 35. Re1 Qc6 0-1

[Event "ISL-chT2 1617"]
[Site "Reykjavik"]
[Date "2016.10.02"]
[Round "4.2"]
[White "Kristinsson, Magnus"]
[Black "Ingvarsson, Kjartan"]
[Result "0-1"]
[WhiteElo "1786"]
[BlackElo "1822"]
[PlyCount "60"]
[EventDate "2016.09.30"]
[EventType "team-tourn"]
[EventRounds "7"]
[EventCountry "ISL"]
[SourceTitle "EXT 2018"]
[Source "ChessBase"]
[SourceDate "2017.10.13"]
[SourceVersion "1"]
[SourceVersionDate "2017.10.13"]
[SourceQuality "1"]
[WhiteTeam "Reykjavik III"]
[BlackTeam "Vinaskakfelagid"]
[WhiteTeamCountry "ISL"]
[BlackTeamCountry "ISL"]

1. e4 e5 2. Nf3 Nc6 3. d4 exd4 4. Nxd4 Bb4+ 5. c3 Ba5 6. Bc4 Ne5 7. Bb3 Qh4 8. 0-0 d6 9. Nd2 Nf6 10. N2f3 Qh5 11. Nxe5 Qxe5 12. f4 Qc5 13. e5 dxe5 14. fxe5 Bg4 15. Bxf7+ Kxf7 16. Qxg4 Qxe5 17. Qd7+ Kg6 18. Qa4 Bb6 19. Bf4 Qd5 20. Rad1 h6 21. Rf3 Rhe8 22. Rfd3 Re2 23. Rg3+ Kh7 24. Rd2 Re1+ 25. Kf2 Rae8 26. Be3 R1xe3 27. Rxe3 Ng4+ 28. Ke1 Rxe3+ 29. Kd1 Qe4 30. Nc2 Qxa4 0-1

[Event "ISL-chT2 1617"]
[Site "Reykjavik"]
[Date "2016.10.01"]
[Round "3.3"]
[White "Davidsdottir, Nansy"]
[Black "Ingvarsson, Kjartan"]
[Result "1-0"]
[WhiteElo "1842"]
[BlackElo "1822"]
[PlyCount "43"]
[EventDate "2016.09.30"]
[EventType "team-tourn"]
[EventRounds "7"]
[EventCountry "ISL"]
[SourceTitle "EXT 2018"]
[Source "ChessBase"]
[SourceDate "2017.10.13"]
[SourceVersion "1"]
[SourceVersionDate "2017.10.13"]
[SourceQuality "1"]
[WhiteTeam "Fjolnis II"]
[BlackTeam "Vinaskakfelagid"]
[WhiteTeamCountry "ISL"]
[BlackTeamCountry "ISL"]

1. e4 e5 2. Nf3 Nc6 3. d4 exd4 4. Nxd4 d6 5. Nc3 Nf6 6. Be2 h6 7. Be3 Bd7 8. f3 Qe7 9. Qd2 g6 10. 0-0-0 Bg7 11. g4 0-0-0 12. h4 Be6 13. g5 Nxd4 14. Qxd4 c5 15. gxf6 Bxf6 16. Qd2 d5 17. exd5 Qc7 18. Bc4 a6 19. Ne4 Qe5 20. Nxf6 Qxf6 21. Qa5 Qxf3 22. Qxc5+ 1-0

[Event "Reykjavik Skakmot op"]
[Site "Reykjavik"]
[Date "2015.04.29"]
[Round "5"]
[White "Ingvarsson, Kjartan"]
[Black "Kristinsson, Magnus"]
[Result "0-1"]
[WhiteElo "1860"]
[BlackElo "1770"]
[PlyCount "56"]
[EventDate "2015.03.25"]
[EventType "swiss"]
[EventRounds "7"]
[EventCountry "ISL"]
[SourceTitle "EXT 2016"]
[Source "ChessBase"]
[SourceDate "2015.10.08"]
[SourceVersion "1"]
[SourceVersionDate "2015.10.08"]
[SourceQuality "1"]

1. d4 Nf6 2. c4 g6 3. Nc3 d5 4. Bg5 Ne4 5. Nxe4 dxe4 6. Qa4+ Qd7 7. Qxd7+ Nxd7 8. Bf4 Bg7 9. 0-0-0 e5 10. dxe5 Nxe5 11. e3 Be6 12. b3 a5 13. Bxe5 Bxe5 14. Ne2 a4 15. Nd4 axb3 16. axb3 Bd7 17. Be2 Ke7 18. f3 Ra2 19. Nc2 Bf5 20. f4 Bc3 21. g4 Bd7 22. Rhf1 Rha8 23. f5 Rb2 24. f6+ Ke8 25. Rf4 Bc6 26. Rdf1 Raa2 27. Bd1 Rxb3 28. g5 Rab2 0-1

[Event "Reykjavik Skakmot op"]
[Site "Reykjavik"]
[Date "2015.04.15"]
[Round "3"]
[White "Ontiveros, John"]
[Black "Ingvarsson, Kjartan"]
[Result "0-1"]
[WhiteElo "1774"]
[BlackElo "1860"]
[PlyCount "84"]
[EventDate "2015.03.25"]
[EventType "swiss"]
[EventRounds "7"]
[EventCountry "ISL"]
[SourceTitle "EXT 2016"]
[Source "ChessBase"]
[SourceDate "2015.10.08"]
[SourceVersion "1"]
[SourceVersionDate "2015.10.08"]
[SourceQuality "1"]

1. d4 f5 2. c4 Nf6 3. Nc3 d6 4. Bg5 g6 5. e3 Bg7 6. Nge2 Nc6 7. Nf4 Qd7 8. d5 Nd8 9. Be2 e5 10. Nd3 Nf7 11. h4 h6 12. Bxf6 Bxf6 13. e4 Qe7 14. Qa4+ Bd7 15. Qb3 Nd8 16. h5 g5 17. Nb5 Bc8 18. f3 a6 19. Nc3 Bd7 20. exf5 Bxf5 21. Nf2 0-0 22. Nce4 Bg7 23. 0-0-0 b6 24. Ng3 Bh7 25. Bd3 Nb7 26. Bxh7+ Kxh7 27. Qc2+ Kh8 28. Ng4 Qf7 29. Kb1 Qf4 30. Ne2 Qf5 31. Qxf5 Rxf5 32. Ng3 Rf4 33. Ne4 Nc5 34. Nxc5 bxc5 35. b3 e4 36. Rhe1 exf3 37. gxf3 Rxf3 38. Re7 Raf8 39. Rxc7 Rg3 40. Nxh6 Bxh6 41. Rd7 Rf6 42. Re1 Rg2 0-1

[Event "Reykjavik Skakmot op"]
[Site "Reykjavik"]
[Date "2015.04.08"]
[Round "2"]
[White "Ingvarsson, Kjartan"]
[Black "Bjornsson, Eirikur K"]
[Result "0-1"]
[WhiteElo "1860"]
[BlackElo "1961"]
[PlyCount "92"]
[EventDate "2015.03.25"]
[EventType "swiss"]
[EventRounds "7"]
[EventCountry "ISL"]
[SourceTitle "EXT 2016"]
[Source "ChessBase"]
[SourceDate "2015.10.08"]
[SourceVersion "1"]
[SourceVersionDate "2015.10.08"]
[SourceQuality "1"]

1. d4 f5 2. c4 Nf6 3. Nc3 d6 4. Nf3 g6 5. Qc2 Bg7 6. Bf4 0-0 7. Qd2 Ne4 8. Qe3 Nxc3 9. bxc3 Nc6 10. Bh6 Bxh6 11. Qxh6 e5 12. d5 Na5 13. Ng5 Qe7 14. e4 fxe4 15. Nxe4 Bf5 16. Ng5 Qg7 17. Qxg7+ Kxg7 18. Be2 h6 19. Nf3 Be4 20. 0-0 Bxf3 21. gxf3 Rf4 22. Rab1 b6 23. Rb4 Nb7 24. Kh1 Nc5 25. Rg1 Raf8 26. Rg3 e4 27. Kg2 Nd3 28. Rb1 Ne5 29. Bd1 exf3+ 30. Kh1 Re4 31. h3 Rxc4 32. Rc1 g5 33. Bb3 Re4 34. Kg1 Re2 35. Kf1 Nd3 36. Rd1 Nxf2 37. Rxf3 Rxf3 38. Kxe2 Nxd1 39. Kxf3 Nxc3 40. Ke3 b5 41. Kd3 b4 42. Kc4 a5 43. a3 Kf6 44. axb4 axb4 45. Kxb4 Ne2 46. Kb5 Nd4+ 0-1

[Event "ISL-chT2 1415"]
[Site "Reykjavik"]
[Date "2015.03.21"]
[Round "7.3"]
[White "Ingvarsson, Kjartan"]
[Black "Bjarnason, Saevar"]
[Result "0-1"]
[WhiteElo "1857"]
[BlackElo "2106"]
[PlyCount "52"]
[EventDate "2014.10.03"]
[EventType "team-tourn"]
[EventRounds "7"]
[EventCountry "ISL"]
[SourceTitle "EXT 2016"]
[Source "ChessBase"]
[SourceDate "2015.10.08"]
[SourceVersion "1"]
[SourceVersionDate "2015.10.08"]
[SourceQuality "1"]
[WhiteTeam "Vinaskakfelagid"]
[BlackTeam "Reykjavik TR II"]
[WhiteTeamCountry "ISL"]
[BlackTeamCountry "ISL"]

1. d4 Nf6 2. c4 c5 3. e3 e6 4. Nc3 d5 5. Nf3 Nc6 6. a3 Ne4 7. Nxe4 dxe4 8. Nd2 cxd4 9. Nxe4 f5 10. Ng3 Be7 11. Bd3 0-0 12. 0-0 dxe3 13. fxe3 Bf6 14. Qc2 Bd7 15. Bd2 Rc8 16. Rad1 Qb6 17. b4 Ne5 18. c5 Qc7 19. Qb3 Nxd3 20. Qxd3 Ba4 21. Rc1 Rcd8 22. Qe2 a6 23. Qe1 Bb5 24. Ne2 Qe5 25. Rf3 Qb2 26. Bc3 Qxe2 0-1

[Event "ISL-chT2 1011"]
[Site "Reykjavik"]
[Date "2010.10.10"]
[Round "4.3"]
[White "Ingvarsson, Kjartan"]
[Black "Karlsson, Thorleifur"]
[Result "0-1"]
[WhiteElo "1715"]
[BlackElo "2095"]
[PlyCount "68"]
[EventDate "2010.10.08"]
[EventType "team"]
[EventRounds "7"]
[EventCountry "ISL"]
[SourceTitle "EXT 2014"]
[Source "ChessBase"]
[SourceDate "2013.11.20"]
[SourceVersion "1"]
[SourceVersionDate "2013.11.20"]
[SourceQuality "1"]

1. d4 Nf6 2. c4 g6 3. Nc3 Bg7 4. Nf3 d6 5. e4 0-0 6. Bd3 Nc6 7. 0-0 Bg4 8. Be2 Nd7 9. Be3 e5 10. d5 Bxf3 11. Bxf3 Nd4 12. Bxd4 exd4 13. Nb5 a6 14. Nxd4 Qf6 15. Nc2 Qxb2 16. Qc1 Qc3 17. Ne3 Qxa1 18. Qxa1 Bxa1 19. Rxa1 Nc5 20. g3 b5 21. Bg2 b4 22. f4 Nxe4 23. Bxe4 Rae8 24. Ng4 f5 25. Nh6+ Kg7 26. Nxf5+ gxf5 27. Bf3 Re3 28. Kf2 Rc3 29. Be2 Re8 30. Kf1 Rc2 31. Bd3 Rxh2 32. Kg1 Rb2 33. Bxf5 Ree2 34. Rb1 Rxb1+ 0-1

[Event "ISL-chT2 1011"]
[Site "Reykjavik"]
[Date "2010.10.09"]
[Round "3.2"]
[White "Maack, Kjartan"]
[Black "Ingvarsson, Kjartan"]
[Result "1/2-1/2"]
[WhiteElo "2164"]
[BlackElo "1715"]
[PlyCount "100"]
[EventDate "2010.10.08"]
[EventType "team"]
[EventRounds "7"]
[EventCountry "ISL"]
[SourceTitle "EXT 2014"]
[Source "ChessBase"]
[SourceDate "2013.11.20"]
[SourceVersion "1"]
[SourceVersionDate "2013.11.20"]
[SourceQuality "1"]

1. Nf3 Nc6 2. c4 e5 3. Nc3 Nf6 4. d3 b6 5. g3 Bb7 6. Bg2 d6 7. 0-0 Qd7 8. b4 Be7 9. Rb1 0-0 10. Bg5 h6 11. Bxf6 Bxf6 12. Nd5 Bd8 13. e4 Ne7 14. d4 c6 15. Ne3 Qc7 16. Qb3 Kh8 17. dxe5 dxe5 18. Qb2 Ng6 19. h4 Bf6 20. Ng4 Rae8 21. h5 Ne7 22. Nfxe5 Ng8 23. Nxf6 Nxf6 24. f4 Nxh5 25. Kf2 c5 26. Rh1 Nf6 27. Rxh6+ gxh6 28. Ng4 Qd6 29. Nxf6 Rd8 30. Nd7+ Kg8 31. Nf6+ Kh8 32. Nd7+ Kg8 33. Nxf8 Kxf8 34. Bf3 cxb4 35. Qxb4 Qxb4 36. Rxb4 Rd2+ 37. Ke3 Rxa2 38. c5 Ra3+ 39. Kf2 b5 40. Rxb5 Bc6 41. Rb2 f5 42. Re2 Rc3 43. Bg2 Rxc5 44. e5 a5 45. Ra2 Bd7 46. Bh3 a4 47. Bg2 Ra5 48. Ra3 Be6 49. Bc6 Bb3 50. Bd7 Bc2 1/2-1/2